000 00340nam a22001577a 4500
003 SGT
020 _a978-81-312-3090-9
082 _a616.01
_bM13S
100 _aSOOD, SEEMA
245 _aMICROBIOLOGY FOR NURSES
250 _a3RD
260 _aINDIA
_bELSEVIER PUB
_c2013
300 _a363
650 _aMICROBIOLOGY
942 _2ddc
_cBK
999 _c20116
_d20116